Good essay writing : a social sciences guide. (4th ed.) (Record no. 63913)

MARC details
000 -LEADER
fixed length control field 02038nam a2200361 a 4500
008 - FIXED-LENGTH DATA ELEMENTS--GENERAL INFORMATION
fixed length control field 161027s2011 ||||||||||||||||| || u
010 ## - LIBRARY OF CONGRESS CONTROL NUMBER
LC control number 2005928597
020 ## - INTERNATIONAL STANDARD BOOK NUMBER
International Standard Book Number 9780857023711
020 ## - INTERNATIONAL STANDARD BOOK NUMBER
International Standard Book Number 1412920116 (hbk.)
050 ## - LIBRARY OF CONGRESS CALL NUMBER
Classification number PE 1471 Red
100 ## - MAIN ENTRY--PERSONAL NAME
Personal name Maples, Wendy
245 10 - TITLE STATEMENT
Title Good essay writing : a social sciences guide. (4th ed.)
Statement of responsibility, etc. Peter Redman [and] Wendy Maples
250 ## - EDITION STATEMENT
Edition statement 4th ed.
260 ## - PUBLICATION, DISTRIBUTION, ETC.
Place of publication, distribution, etc. London:
Name of publisher, distributor, etc. The Open University
Date of publication, distribution, etc. 2011
300 ## - PHYSICAL DESCRIPTION
Extent ix, 172 pages
350 ## -
-- 21.00
490 ## -
-- SAGE Study Skills
500 ## - GENERAL NOTE
General note Previous ed.: 2001. Includes bibliographical references (p. [116]) and index.
650 #0 - SUBJECT ADDED ENTRY--TOPICAL TERM
Topical term or geographic name entry element ESSAY-- AUTHORSHIP-- PROBLEMS, EXERCISES, etc
650 #0 - SUBJECT ADDED ENTRY--TOPICAL TERM
Topical term or geographic name entry element ESSAY-- AUTHORSHIP- - PROBLEMS, EXERCISE, ETC
650 #0 - SUBJECT ADDED ENTRY--TOPICAL TERM
Topical term or geographic name entry element SOCIAL SCIENCES
650 #0 - SUBJECT ADDED ENTRY--TOPICAL TERM
Topical term or geographic name entry element SOCIAL SCIENCES-- AUTHORSHIP-- PROBLEMS, EXERCISES, etc
650 #0 - SUBJECT ADDED ENTRY--TOPICAL TERM
Topical term or geographic name entry element ENGLISH LANGUAGE-- RHETORIC
700 ## - ADDED ENTRY--PERSONAL NAME
Personal name Redman, Peter
856 ## - ELECTRONIC LOCATION AND ACCESS
Uniform Resource Identifier http://www.loc.gov/catdir/enhancements/fy0666/2005928597-d.html
856 ## - ELECTRONIC LOCATION AND ACCESS
Uniform Resource Identifier http://www.loc.gov/catdir/enhancements/fy0666/2005928597-t.html
995 ## -
-- KAPASA MAKASA LIBRARY OPEN ACCESS
-- 746315
-- CBU-KAPASA MAKASA LIBRARY (Chinsali)
-- 21.00
-- PE 1471 Red
-- 1
-- AVAILABLE
-- Aug 15, 2017
-- 746315
-- Kapasa Makasa Library Open Acess Collection
995 ## -
-- MAIN LIBRARY OPEN ACCESS
-- 747084
-- CBU-MAIN LIBRARY (Kitwe)
-- 21.00
-- PE 1471 Red
-- 3
-- AVAILABLE
-- Oct 27, 2016
-- 747084
-- Main Library Open Access Collection
995 ## -
-- MEDICAL LIBRARY OPEN ACCESS
-- 905257
-- CBU-SCHOOL OF MEDICINE LIBRARY (Ndola)
-- 21.00
-- PE 1471 Red
-- 4
-- AVAILABLE
-- Jan 14, 2022
-- 905257
-- Medical Library Open Access Collection
995 ## -
-- MEDICAL LIBRARY OPEN ACCESS
-- 905258
-- CBU-SCHOOL OF MEDICINE LIBRARY (Ndola)
-- 21.00
-- PE 1471 Red
-- 5
-- AVAILABLE
-- Jan 14, 2022
-- 905258
-- Medical Library Open Access Collection
995 ## -
-- KAPASA MAKASA LIBRARY OPEN ACCESS
-- 746316
-- CBU-KAPASA MAKASA LIBRARY (Chinsali)
-- 21.00
-- PE 1471 Red
-- 2
-- AVAILABLE
-- Aug 15, 2017
-- 746316
-- Kapasa Makasa Library Open Acess Collection
999 ## -
-- 63913
-- 63913
Holdings
Withdrawn status Lost status Source of classification or shelving scheme Damaged status Not for loan Collection code Permanent Location Current Location Shelving location Date acquired Full call number Barcode Date last seen Price effective from Koha item type Total Checkouts Copy number Source of acquisition
          Main Library Open Access Collection CBU-MAIN LIBRARY, KITWE. CBU-MAIN LIBRARY, KITWE. General Stacks 02/01/2023 PE 1471 Red 747084 02/01/2023 02/01/2023 MONOGRAPH      
          CBU-Lusaka Campus CBU- LUSAKA CAMPUS CBU-MAIN LIBRARY, KITWE. General Stacks 10/17/2024 PE 1471 Red 751483 10/17/2024 10/17/2024 MONOGRAPH     BOOK AID INTERNATIONAL
            CBU-SCHOOL OF MEDICINE LIBRARY, NDOLA. CBU-SCHOOL OF MEDICINE LIBRARY, NDOLA.   02/01/2023 PE 1471 Red 905257 02/01/2023 02/01/2023 MONOGRAPH   3  
            CBU-SCHOOL OF MEDICINE LIBRARY, NDOLA. CBU-SCHOOL OF MEDICINE LIBRARY, NDOLA.   02/01/2023 PE 1471 Red 905258 02/01/2023 02/01/2023 MONOGRAPH   4